000 00265nam a2200109Ia 4500
008 190911s9999||||xx |||||||||||||| ||und||
100 _aDr Inayatullah
245 0 _aState and Democracy in Pakistan
260 _aLahore
_bRoyal Book
_c1997
300 _a438
942 _cBK
999 _c6882
_d6882